| 000 | 01454cam a2200349 i 4500 | ||
|---|---|---|---|
| 999 |
_c22555 _d22527 |
||
| 001 | ssj0001401436 | ||
| 003 | EG-ScBUE | ||
| 005 | 20201203141431.0 | ||
| 008 | 141007s2015 iaua frb 001 0 eng d | ||
| 010 | _a 2014040039 | ||
| 020 | _a9781118442340 | ||
| 020 | _a1118442342 | ||
| 040 |
_aDNLM/DLC _beng _cDLC _dDLC _dWaSeSS _dEG-ScBUE |
||
| 082 | 0 | 4 |
_a617.605 _bATL _222 |
| 245 | 0 | 0 |
_aAtlas of operative oral and maxillofacial surgery / _cedited by Christopher J. Haggerty, Robert M. Laughlin. |
| 260 |
_aAmes : _bWiley Blackwell, _c2015. |
||
| 300 |
_axviii, 550 p. : _bill. (chiefly color) ; _c29 cm. |
||
| 504 | _aIncludes bibliographical references and index. | ||
| 650 | 0 |
_aOral Surgical Procedures _xmethods _vAtlases. _2BUEsh |
|
| 650 | 0 |
_aFace _xsurgery _vAtlases. _2BUEsh |
|
| 650 | 0 |
_aHead _xsurgery _vAtlases. _2BUEsh |
|
| 650 | 0 |
_aMaxillofacial Injuries _xsurgery _vAtlases. _2BUEsh _935804 |
|
| 650 | 0 |
_aNeck _xsurgery _vAtlases. _2BUEsh |
|
| 650 | 0 |
_aReconstructive Surgical Procedures _xmethods _vAtlases. _2BUEsh |
|
| 650 | 0 |
_aStomatognathic Diseases _xsurgery _vAtlases. _2BUEsh _942035 |
|
| 651 | _2BUEsh | ||
| 653 | _cOctober2016 | ||
| 700 | 1 |
_aHaggerty, Christopher J., _eeditor. _941533 |
|
| 700 | 1 |
_aLaughlin, Robert M. _q(Robert Minard), _d1969- _eeditor. _941534 |
|
| 776 | 0 | 8 |
_iOnline version: _tAtlas of operative oral and maxillofacial surgery _dAmes, Iowa : John Wiley & Sons Inc., 2015 _z9781118938393 _w(DLC) 2014042432 |
| 942 | _2ddc | ||